Lịch sử văn minh thế giới /
Giới thiệu các nền văn minh các nước phương đông cho đến các nước phương tây.
Tallennettuna:
| Muut tekijät: | , , |
|---|---|
| Aineistotyyppi: | Kirja |
| Kieli: | Vietnamese |
| Julkaistu: |
Tp.HCM :
Giáo dục,
2000.
|
| Painos: | In lần thứ 2. |
| Aiheet: | |
| Tagit: |
Lisää tagi
Ei tageja, Lisää ensimmäinen tagi!
|
| Thư viện lưu trữ: | Mạng thư viện Đại học Đà Nẵng |
|---|
| LEADER | 01117cam a2200385 i 4500 | ||
|---|---|---|---|
| 001 | 000043454 | ||
| 003 | 1422 | ||
| 005 | 20030916101734.0 | ||
| 008 | 010217b2000 vm 000 vie | ||
| 020 | |c 31000 | ||
| 022 | |a T | ||
| 040 | |a IRC |c IRC |d IRC | ||
| 041 | 0 | |a vie | |
| 082 | 1 | 4 | |a 306 |b Li-S |
| 245 | 0 | 0 | |a Lịch sử văn minh thế giới / |c Nguyễn Thị Kim Dung, Hà Bích Liên, Tưởng Phi Ngọ ; Lê Phụng Hoàng chủ biên. |
| 250 | |a In lần thứ 2. | ||
| 260 | |a Tp.HCM : |b Giáo dục, |c 2000. | ||
| 300 | |a 279tr. ; |c 27cm. | ||
| 520 | 3 | |a Giới thiệu các nền văn minh các nước phương đông cho đến các nước phương tây. | |
| 630 | 0 | 4 | |a Lịch sử. |
| 630 | 0 | 4 | |a Văn minh. |
| 650 | 0 | 4 | |a Văn minh |x Lịch sử. |
| 700 | 1 | |a Hà Bích Liên. | |
| 700 | 1 | |a Tưởng Phi Ngọ. | |
| 700 | 1 | |a Nguyễn Thị Kim Dung. | |
| OWN | |a DUT | ||
| 999 | |a From the UDN01 | ||
| TYP | |a Monograph | ||
| TYP | |a Printed language | ||
| 980 | |a Mạng thư viện Đại học Đà Nẵng | ||